Måneskin : titres de l'album RUSH! (ARE YOU COMING?) - Statistiques

Statistiques générales
  • Ce quiz a été pris 274 fois
    264 depuis la dernière actualisation
  • Le résultat moyen est 15 sur 22
Statistiques - réponses
Indice Réponse % Correct
2 VALENTINE
88%
7 GOSSIP
84%
22 THE LONELIEST
84%
21 SUPERMODEL
79%
10 BABY SAID
78%
4 THE DRIVER
78%
20 MAMMAMIA
75%
11 GASOLINE
73%
9 BLA BLA BLA
71%
12 FEEL
71%
6 OWN MY MIND
70%
13 DON'T WANNA SLEEP
69%
8 TIMEZONE
69%
14 KOOL KIDS
66%
17 MARK CHAPMAN
66%
16 READ YOUR DIARY
63%
3 OFF MY FACE
62%
5 TRASTEVERE
61%
18 LA FINE
58%
15 IF NOT FOR YOU
57%
1 HONEY (ARE U COMING?)
54%
19 IL DONO DELLA VITA
46%
Aucun quiz correspondant
Distribution des résultats
% des personnes avec chaque résultat
Percentile par nombre de réponses
Votre historique - résultats
Vous n’avez pas pris ce quiz depuis la dernière actualisation